000 00599nam a22002057a 4500
003 OSt
005 20140310182320.0
008 130920t xxu||||| |||| 00| 0 eng d
020 _a0865923884
050 _aBJ 1533.G4
_b.G65 1989
082 _aGS 177.7
_bG58 1988
100 _aGoley, Elaine P.
_921119
245 _aSharing /
_cElaine P. Goley
260 _aVero Beach, Florida :
_bRourke Enterprises,
_c1989.
300 _a32 p. :
_bcol. ill. ;
_c26 cm.
440 _aLearn the value of
_921111
650 _aSharing
_xJuvenille literature.
_921121
942 _2lcc
_cBK-GS
999 _c11797
_d11797